| 000 | 00821cam a22002655a 4500 | ||
|---|---|---|---|
| 001 | 016489449 | ||
| 003 | OSt | ||
| 005 | 20180326135624.0 | ||
| 008 | 130708r20142013enka frb 001 0 eng d | ||
| 020 | _a9781408173794 | ||
| 040 |
_aStDuBDS _beng _cStDuBDS _dUk _dEG-ScBUE |
||
| 082 | 0 | 4 |
_222 _a686.233 _bHOS |
| 100 | 1 | _aHoskins, Steve. | |
| 245 | 1 |
_a3D printing for artists, designers and makers / _cStephen Hoskins. |
|
| 246 | 3 | _aThree-dimensional printing for artists, designers and makers | |
| 250 | _aReprint ed. | ||
| 260 |
_aLondon : _bBloomsbury, _c2014. |
||
| 300 |
_a143 p. : _bill. ; _c25 cm. |
||
| 500 | _aReprinted of 2013 ed. | ||
| 504 | _aIncludes bibliographical references and index. | ||
| 650 | 7 |
_aThree-dimensional printing. _2BUEsh |
|
| 651 | _2BUEsh | ||
| 653 |
_bGGEN _cMarch2018 |
||
| 942 | _2ddc | ||
| 999 |
_c26412 _d26384 |
||